00943cam a2200229 a 450000100100000000500170001000800410002704000250006808200190009310000520011224500790016426000530024330000210029649000270031750000400034450400420038460000480042665100670047483000350054195201220057699900150069800000695420200929154030.0771209s1970 ck b 000 0bspa  aDO-SdBNPbspacBNPHU a923.586bC796B1 aBotero Saldarriaga, Roberto,d1870-1948.91931710aGeneral José María Córdova, 1799-1829 /cRoberto Botero Saldarriaga. aMedellín, Colombia :bEditorial Bedout,c1970. a686 p. ;c19 cm.1 aBolsilibros Bedoutv68 aTítulo de la cubierta: Córdoba. aIncluye referencias bibliográficas.14aCORDOVA, JOSÉ MARÍA,d1799-1829.919318 4aColombiaxHistoriayGUERRA DE INDEPENDENCIA, 1810-1822.916211 0aBolsilibros Bedout ;v6893750 001052708MOaGRbGRcCTd2009-09-03iLF1l0o923.586 C796Bp6954-10r2020-06-25w2020-06-25y2ZPréstamo interno c6738d6738